| 000 | 00460nam a2200181Ia 4500 | ||
|---|---|---|---|
| 001 | 9915 | ||
| 005 | 20260306161753.0 | ||
| 008 | 260306t2017||||xx |||||||||||||| ||spa|| | ||
| 041 | _aESP | ||
| 082 |
_a808.2 _bG23 |
||
| 100 |
_aGarcía Barrientos, José-Luis _eAUT |
||
| 245 | 0 |
_aCómo se analiza una obra de teatro: _bensayo de método |
|
| 260 | _c2017 | ||
| 300 |
_a392 páginas : _c23 cm. |
||
| 650 | _aGEN | ||
| 654 | _aCHU | ||
| 942 |
_cLIB _dJUS _fJUS _2ddc _n |
||
| 999 |
_c9915 _d9915 |
||